Washington sources on international affairs : A guide to some research facilities in the District of Columbia area

Saved in:
Bibliographic Details
Main Author: Linebarger, Geneviere Collins
Format: Book
Language:Undetermined
Published: College Park Bureau of Public Administration, University of Maryland 1951
Subjects:
Tags: Add Tag
No Tags, Be the first to tag this record!
Institutions: Trung tâm Học liệu Trường Đại học Cần Thơ
LEADER 00737nam a2200205Ia 4500
001 CTU_104804
008 210402s9999 xx 000 0 und d
082 |a 341.072 
082 |b L736 
100 |a Linebarger, Geneviere Collins 
245 0 |a Washington sources on international affairs : 
245 2 |b A guide to some research facilities in the District of Columbia area 
245 0 |c Geneviere Collins Linebarger and Associates 
260 |a College Park 
260 |b Bureau of Public Administration, University of Maryland 
260 |c 1951 
650 |a International relations,Quan hệ quốc tế 
650 |x Research,Nghiên cứu 
904 |i Năm 
980 |a Trung tâm Học liệu Trường Đại học Cần Thơ